| 000 | 01446cam a2200313 a 4500 | ||
|---|---|---|---|
| 999 |
_c219476 _d219476 |
||
| 001 | 15325646 | ||
| 003 | Nust | ||
| 005 | 20170210090639.0 | ||
| 008 | 080611s2008 nyu 000 1 eng | ||
| 010 | _a 2008026141 | ||
| 020 | _a9780330464512 | ||
| 035 | _a(OCoLC)221154168 | ||
| 040 |
_aDLC _cDLC _dIG# _dBTCTA _dBAKER _dOCO _dUPZ _dP@N _dYDXCP _dABG _dCDX _dBWX _dIXA _dDLC |
||
| 043 | _ae-uk-en | ||
| 050 | 0 | 0 |
_aPR6056.R27 _bS57 2008 |
| 082 | 0 | 0 |
_a823.914 _bFRA |
| 100 | 1 | _aFrancis, Dick. | |
| 245 | 1 | 0 |
_aSilks / _cDick Francis and Felix Francis. |
| 260 |
_aNew York : _bG.P. Putnam's Sons, _c2008. |
||
| 300 |
_a423 p. ; _c24 cm. |
||
| 520 | _aGeoffrey Mason is well known (as "Perry" Mason) among the pro riders, including Steve Mitchell and Scot Barlow--arguably the two top pros. So when Scot Barlow is murdered--with Mitchell's pitchfork nonetheless--Geoff finds himself pulled into the case as a junior barrister. | ||
| 650 | 0 |
_aSteeplechasing _zEngland _vFiction. |
|
| 650 | 0 |
_aJockeys _xCrimes against _vFiction. |
|
| 655 | 7 |
_aMystery fiction. _2gsafd |
|
| 655 | 7 |
_aLegal stories. _2gsafd |
|
| 700 | 1 | _aFrancis, Felix. | |
| 906 |
_a7 _bcbc _corignew _d1 _eecip _f20 _gy-gencatlg |
||
| 942 |
_2ddc _cBK |
||